Poistenie medzinárodných rizík diplomová práca

Saved in:
Bibliographic Details
Main Author: Koleničová, Daša
Corporate Author: Národohospodárska fakulta EU. Katedra poisťovníctva
Other Authors: Drugdová, Barbora
Format: Book
Language:Slovak
Published: Bratislava 2013
Tags: Add Tag
No Tags, Be the first to tag this record!

MARC

LEADER 00000nbm a2200000 4500
001 0170452
005 20161109102346.9
041 0 |a slo 
044 |a SK 
245 1 0 |a Poistenie medzinárodných rizík  |b diplomová práca  |c Daša Koleničová ; školiteľ: Barbora Drugdová 
264 1 |a Bratislava  |c 2013 
300 |a 62 s. 
100 1 |a Koleničová, Daša 
700 1 |a Drugdová, Barbora 
710 2 |a Národohospodárska fakulta EU. Katedra poisťovníctva